Vodný stres a jeho účinky na produktívnosť obilnín

Bibliographic Details
Main Authors: Švihra, Ján, 1930-2011 (Author), Zima, Miroslav, 1945-2006 (Author), Hojčuš, Rudolf, 1941- (Author)
Format: Article
Language:Slovak
PhysicalDescription:Tb. 3. Res. rus., angl., lit. 4 zázn.
Subjects:

MARC

LEADER 00000nab a2200000 a 4500
001 vtls000240025
003 SK-MaSNL
005 20260304233947.0
008 111202c1985 xo 0 slo
015 |a SNBRA19rr/mm-uuuuu 
035 |a CL0250139 
040 |a SNKBUCL  |b slo  |c SNKBUCL  |e AACR2 
041 0 |a slo 
044 |a xo  |c SK 
080 |a 633.1:631.559:581.111  |2 1981 
080 |a 631.559  |2 1981 
080 |a 581.111  |2 1981 
100 1 |a Švihra, Ján,  |d 1930-2011  |4 aut  |9 194733 
245 1 0 |a Vodný stres a jeho účinky na produktívnosť obilnín  |c Ján Švihra, Miroslav Zima, Rudolf Hojčuš 
300 |a Tb. 3. Res. rus., angl., lit. 4 zázn. 
650 0 7 |a obilniny  |2 snkbucl  |9 19007 
655 7 |a články zo zborníkov  |2 snkbucl  |9 166140 
700 1 |a Zima, Miroslav,  |d 1945-2006  |4 aut  |9 166350 
700 1 |a Hojčuš, Rudolf,  |d 1941-  |4 aut  |9 40292 
773 0 |t Agrobiologické aspekty racionalizácie rastlinnej výroby 1  |d Nitra : ES VŠP, 1985  |g S. 98-104 
850 |a Slovenská národná knižnica v Martine  |a MTA001 
852 |a SNK  |b KIS3GCP 
958 |a RK 
992 |a RZB 
999 |c 3201220  |d 3203150